Movie Titles Quiz Stats

 Plays Quiz not verified by Sporcle

Score 0/20 Timer 08:00
0 Plays Today
Hint Name/Person % Correct
Planet of the ____Apes
97.6%
____________ NemoFinding
95.1%
13 going on __30
95.1%
Gone with the ______Wind
92.7%
Forrest _____Gump
90.2%
Back to the _______Future
90.2%
The ________ NetworkSocial
87.8%
The ______ EscapeGreat
85.4%
Star ____Wars
80.5%
Some like It ___Hot
78%
Hint Name/Person % Correct
_________ DawnBreaking
75.6%
Dear ________John
73.2%
Grown ____Ups
73.2%
Monte ________Carlo
73.2%
___ Candles16
65.9%
The ______ KingLion
63.4%
___________ in ParisMidnight
53.7%
Where the ____ Fern GrowsRed
53.7%
Once Upon a Time In The _____West
39%
________ in The AtticFlowers
29.3%

You're not logged in!

Compare scores with friends on all Sporcle quizzes.
OR
Log In

Show Comments

Extras

Created Feb 13, 2012ReportNominate
Tags:Movie Titles Quiz, person

Top Quizzes Today


Score Distribution

Your Account Isn't Verified!

In order to create a playlist on Sporcle, you need to verify the email address you used during registration. Go to your Sporcle Settings to finish the process.

Report this User

Report this user for behavior that violates our Community Guidelines.

Details: